000 00369nam a22001337a 4500
082 _a510
_bOSW/C
100 _aOSWAAL
245 _aCBSE QUESTION PAPERS - MATHEMATICS - 12TH
246 _aCBSE QUESTION PAPERS - MATHEMATICS - 12TH
_bCBSE QUESTION PAPERS - MATHEMATICS - 12TH
260 _aNEW DELHI
_bOSWAAL
_c2024
300 _a335
650 _aMATHEMATICS
942 _cBK
999 _c8948
_d8948